000 00276nam a22001217a 4500
008 170314b xxu||||| |||| 00| 0 eng d
041 _aeng
080 _23RD
_a611
100 _a7
101 _ashm
245 _aPRINCIPLES OF HUMAN PHYSIOLOGY
_cSTANFIELD. C.L
942 _2udc
_cBK
999 _c7740
_d7740